| 000 | 00362nam a2200121 4500 | ||
|---|---|---|---|
| 008 | 180208b xxu||||| |||| 00| 0 eng d | ||
| 100 |
_926273 _aYap, Tara. |
||
| 245 |
_aDOH reveals 1 HIV case reported daily in Western Visayas/ _cTara Yap. |
||
| 260 |
_aPhilippines: _bManila Bulletin, _cc2016. |
||
| 300 | _apage 8. | ||
| 650 | 0 |
_926274 _aAIDS/HIV. |
|
| 942 |
_2ddc _cPER |
||
| 999 |
_c8505 _d8505 |
||